| 000 | 00718ntaaa2200241 4500 | ||
|---|---|---|---|
| 003 | 01 | ||
| 005 | 20251027203212.0 | ||
| 008 | 0714s1973 ag 01 | ||
| 040 |
_aAR-BaBN _bspa _cAR-BaBN _eaacr _dRIC |
||
| 082 | _a155.645 T27 | ||
| 100 |
_aTeruel T., Guillermo _933865 |
||
| 245 |
_aDiagnóstico y tratamiento de parejas en conflicto : _bPsicopatología del proceso matrimonial / _cGuillermo Teruel T. |
||
| 250 | _a1ª ed. | ||
| 260 |
_aBuenos Aires : _bPaidos, _c1974 |
||
| 300 | _a127 p. | ||
| 650 |
_aPSICOLOGIA _92648 |
||
| 650 |
_aRELACIONES INTERPERSONALES _96792 |
||
| 650 |
_aPREVENCION _933866 |
||
| 650 |
_aPSICOPATOLOGIA _96807 |
||
| 650 | _aMATRIMONIO | ||
| 650 |
_aDIAGNOSTICO _931403 |
||
| 942 | _cBK | ||
| 999 |
_c27475 _d27475 |
||